BoywithUke - Out of Tune - Statistics

General Stats
  • This quiz has been taken 94 times
  • The average score is 303 of 428
Answer Stats
Answer % Correct
I
96%
Of
96%
Can't
94%
Cant
94%
You
94%
Love
93%
Me
93%
Out
93%
A
90%
Tune
90%
Fuck
89%
No
89%
Do
87%
Because
86%
My
86%
Up
86%
Go
84%
For
83%
To
83%
But
81%
Get
81%
That
81%
The
81%
And
80%
Bus
80%
Good
80%
Put
80%
What
80%
Best
79%
Fucked
77%
Im
77%
Oh
77%
Goodbye
76%
Matter
76%
Say
76%
Butterflies
74%
Forget
74%
Too
74%
All
73%
Behind
73%
Left
73%
Soon
73%
Mind
71%
Place
71%
Wont
71%
Fake
69%
Your
69%
Again
67%
Eyes
67%
Feel
67%
Scars
66%
Swear
66%
In
64%
Look
64%
How
63%
Bout
60%
Time
57%
Fortnite
56%
Through
51%
Back
47%
Real
47%
Thats
47%
Times
47%
With
47%
Got
46%
Or
46%
This
46%
About
44%
By
44%
When
44%
Ordeal
43%
Sad
41%
Think
41%
Whole
41%
Mad
40%
Watching
40%
Had
39%
Playing
39%
Smoothies
39%
Beat
37%
Dark
37%
Lime
37%
Minecraft
37%
Pass
37%
Rides
37%
Thought
37%
Clock
36%
Key
36%
Stuck
36%
Bed
34%
Began
34%
It
34%
Track
34%
Covers
33%
Heart
33%
Know
33%
Peele
33%
Aint
31%
Is
31%
Why
31%
Blankets
30%
Rhymes
30%
While
30%
Backrooms
29%
Down
29%
Made
29%
Steel
29%
Cause
27%
Goes
27%
Not
27%
Peach
27%
Right
27%
Was
27%
Myself
26%
One
26%
Stuff
26%
Turned
26%
Climb
24%
Lot
24%
Shit
24%
Bad
23%
Bet
23%
Bookshelves
23%
Lacked
23%
Day
21%
Roam
21%
Sat
21%
Thinking
21%
Willing
21%
Happy
20%
Moments
20%
Pretty
20%
Snowmen
20%
Thousand
20%
True
20%
Winter
20%
Yea
20%
Kept
19%
Now
19%
At
17%
Cracked
17%
Fifty
17%
Looking
17%
Built
16%
Hurt
16%
Inside
10%
Makes
6%
No matching quizzes found
Score Distribution
Percent of People with Each Score
Percentile by Number Answered
Your Score History
You have not taken this quiz